00886nam a2200229 a 4500001001000000003000500010005001700015008004100032010001100073011001100084040000900095100003800104245018100142260004100323500006000364502007700424650002600501650002200527650001600549650002100565856007000586000111114CHAP20220329144159.0141204s2014 mx a fsm |||||||spa d a107576 a108548 cCHAP1 aDíaz García, Daniel Alejandro10aMetagenómica de la biodigestión de nopalh[En línea]bsecuenciación de las regiones hiperveriable v3 y v6 del gen ribosomal 16S /cpor Daniel Alejandro Díaz García. aChapingo, Méx. :bEl autor,c2014. aPara ver el contenido del material haga clic en la liga aTesis (Ing. Agr. Esp. en Fitotecnia) -- UACH. Departamento de Fitotecnia14aAcido ribonucléico.14aBiofertilizantes.14aDigestores.14aMicroorganismos. aFinding aiduhttp://10.13.5.2/tesis/sist111114.pdfzTeclea aquí